000 00240nam a2200097Ia 4500
001 1044994
005 20250826232150.0
008 250824s9999 xx 000 0 und d
245 0 _aBAMBAŞKA
_cKAHRAMAN TAZEOĞLU
260 _bDESTEK YAYINLARI
999 _c1044994
_d1044994